000 00857nmm a2200277 a 4500
001 ocm000924430
003 TR-IsHL
005 20201028145128.0
008 150110s2012 tu tur
007 cr cn
020 _a9786054611096
035 _a924430
_b(N$T)
050 0 4 _aPL248.Y553
_bK64 2012
090 0 4 _aPL248.Y553
_bK64 2012
100 1 _aYılmaz, Müzeyyen
245 1 0 _aKod adı Cayda 1: fırtına
_h[electronic resource] /
_cMüzeyyen Yılmaz
250 _a1. bsk.
260 _aİstanbul :
_bMola Kitap,
_c2012
300 _a257 p.
650 4 _aDil ve Edebiyat
650 4 _aLanguage and Literature
650 0 _aTürk romanı
650 0 _aTurkish fiction
650 7 _aLITERARY COLLECTIONS / Middle Eastern
_2bisacsh
856 4 0 _uhttp://search.ebscohost.com/login.aspx?direct=true&scope=site&db=e011xww&AN=924430
999 _c9795
_d9795